Bengkel penyediaan jadual dan harga Laporan Pasaran Harta 2015 : 15 - 16 Jun 2015

Bibliographic Details
Corporate Authors: Bengkel penyediaan jadual dan harga Laporan Pasaran Harta 2015, INSPEN ( Institut Penilaian Negara )
Format: Book
Language:Malay
Subjects:

MARC

LEADER 00000cam a2200000 7i4500
001 0000027303
005 20170314.0
008 170208 my a may
040 |a INS   |b eng   |c INS   |e rda 
090 0 0 |a LPH14 
110 1 |a Bengkel penyediaan jadual dan harga Laporan Pasaran Harta 2015 ,   |d 2015 15 - 16 Jun   |c INSPEN, Bangi 
245 0 0 |a Bengkel penyediaan jadual dan harga Laporan Pasaran Harta 2015 :   |b 15 - 16 Jun 2015   |c Anjuran Pusat Pengurusan dan Teknologi Maklumat, INSPEN 
264 0 |a Bangi :   |b Institut Penilaian Negara   |c 2015 
300 |a 1 volume ( mukasurat pelbagai ) :   |b illustrations ;   |c 30 cm. 
336 |a text  |2 rdacontent 
337 |a unmediated  |2 rdamedia 
338 |a volume  |2 rdacarrier 
650 0 |a Real property   |v Periodicals 
710 1 |a INSPEN ( Institut Penilaian Negara ) 
999 |a LPH0000035   |b BOOK   |c Course Notes   |e Default branch 
999 |a LPH0000036   |b BOOK   |c Course Notes   |e Default branch 
999 |a LPH0000037   |b BOOK   |c Course Notes   |e Default branch